Music Quiz

Random Music or Song Quiz

Michael Jackson No.1's Quiz Stats

 Plays Quiz Updated Jul 14, 2012

Challenge
Share
Tweet
Embed
Score 0/13 Timer 04:00
1 Play Today
% Correct
Billie Jean
91.4%
Beat It
87.9%
Man In The Mirror
81.8%
Bad
81.4%
Black or White
79.2%
Don't Stop 'Til You Get Enough
68.9%
The Way You Make Me Feel
67.2%
Rock With You
55.1%
Dirty Diana
46%
Ben
42.3%
You Are Not Alone
41.4%
Say Say Say
34.2%
I Just Can't Stop Loving You
33.9%

You're not logged in!

Compare scores with friends on all Sporcle quizzes.
OR
Log In

You Might Also Like...

Show Comments

Extras

Top Quizzes Today


Score Distribution

Your Account Isn't Verified!

In order to create a playlist on Sporcle, you need to verify the email address you used during registration. Go to your Sporcle Settings to finish the process.

Report this User

Report this user for behavior that violates our Community Guidelines.

Details: